La ciudadanía de la libertad y la ciudadanía del ausente.
Uloženo v:
| Hlavní autor: | |
|---|---|
| Médium: | Kniha |
| Jazyk: | španělština |
| Vydáno: |
Valparaíso, Chile:
Ediciones Universitarias de Valparaíso; Pontificia Universidad Católica de Valparaíso,
2017.
|
| Témata: | |
| Tagy: |
Přidat tag
Žádné tagy, Buďte první, kdo vytvoří štítek k tomuto záznamu!
|
MARC
| LEADER | 00000cam a2200000 a 4500 | ||
|---|---|---|---|
| 001 | UCD9978 | ||
| 003 | CL-VaPUC | ||
| 005 | 20230531074421.0 | ||
| 008 | 170713e20170000cl |||||||||||||||||spa|d | ||
| 999 | |c 368980 |d 368978 | ||
| 020 | |a 978-956-17-0716-0 | ||
| 040 | |c Pontificia Universidad Católica de Valparaíso | ||
| 082 | 0 | 4 | |a Ch861 ROJ 2017 |2 21 |
| 100 | 0 | |a Rojas Hernández, Jorge |e autor |9 593927 | |
| 245 | 1 | 3 | |a La ciudadanía de la libertad y la ciudadanía del ausente. |
| 260 | |a Valparaíso, Chile: |b Ediciones Universitarias de Valparaíso; |b Pontificia Universidad Católica de Valparaíso, |c 2017. | ||
| 300 | |a 80 páginas. | ||
| 500 | |a c.3 Donación Familia Prof. Alejandro Guzmán Brito. c.FHP. Donación Fernando Vergara Biblioteca Budge. | ||
| 583 | |a last modification |c 20170713 16:08:00 |k Rodrigo Vera | ||
| 650 | 0 | |a Poesías chilenas |9 265280 | |
| 650 | 0 | |a Literatura chilena |9 308278 | |
| 942 | |c BK |2 ddc |n 0 | ||
| 945 | |d 20170713 16:08:00 |a dcastane | ||
| 952 | |0 0 |1 0 |3 erb |4 0 |6 CH_861_000000000000000_ROJ_2017 |7 0 |8 X |9 484488 |a FDOBUD |b FDOBUD |i 540763K |o Ch861 ROJ 2017 |p 540763K |r 2019-11-24 |w 2019-11-24 |y BK_X |z Catalogado en:20170713 |k FHP | ||
| 952 | |0 0 |1 0 |3 erb |4 0 |6 CH_861_000000000000000_ROJ_2017 |7 0 |8 A |9 484489 |a BIBEDU |b BIBEDU |i 5460468 |o Ch861 ROJ 2017 |p 5460468 |r 2019-11-24 |w 2019-11-24 |y BK |z Catalogado en:20180323 |k LIT | ||
| 952 | |0 0 |1 0 |2 ddc |4 0 |6 CH_861_000000000000000_ROJ_2017 |7 1 |8 C_AGB |9 581048 |a BIBDER |b BIBDER |d 2022-02-02 |e Donación |i 5643945 |o Ch861 ROJ 2017 |p 5643945 |r 2023-01-25 |t 3 |w 2022-02-02 |y BK_US |k AGB | ||
| 952 | |0 0 |1 0 |2 ddc |4 0 |6 CH_861_000000000000000_ROJ_2017 |7 0 |8 X |9 587527 |a FDOBUD |b FDOBUD |d 2022-11-02 |e Donación |i 5655424 |o Ch861 ROJ 2017 |p 5655424 |r 2022-11-02 |w 2022-11-02 |y BK_X |k FHP | ||